| 000 | 00520nam a22001817a 4500 | ||
|---|---|---|---|
| 003 | OSt | ||
| 005 | 20250523120512.0 | ||
| 008 | 250523b |||||||| |||| 00| 0 eng d | ||
| 020 | _a81-7130-328-5 | ||
| 040 | _cSBCL | ||
| 082 |
_a894.8123 _bBAS-S |
||
| 100 | _aBasheer,Vaikom Muhammad | ||
| 245 | _aSthalathe Pradhana Divyan | ||
| 260 |
_aKottayam _bDC Books _c2023 |
||
| 300 | _a112p. | ||
| 650 |
_2Literature & rhetoric _aLiteratures of other languages _vAltaic, Uralic, Hyperborean & Dravidian |
||
| 942 | _cBOOK | ||
| 999 |
_c136977 _d136977 |
||